00619nam a22001457a 4500003000400000005001700004008004100021040001400062100002300076245015500099260001000254300003100264500014700295504003100442OSt20171010095441.0120608t xxu||||| |||| 00| 0 eng d aMMSUcULS aMonton, Ligaya D.  aPerformance evaluation of the National Tobacco Administration agriculturists in disseminating agricultural and related information cLigaya D. Monton  c2007  a[xiii] 70 leaves c28 cm.  aThesis (BS Development Communication) -- Mariano Marcos State University-College of Agriculture, Food and Sustainable Development, Batac City  aBibliography: leaves 56-57